| 000 | 00000nam##2200000za#4500 |
| 001 | 9.602854 |
| 003 | CaOODSP |
| 005 | 20240212134142 |
| 007 | cr ||||||||||| |
| 008 | 150406|1997||||xxc|||||o f|0| 0 fre|d |
| 040 | |aCaOODSP|bfre |
| 043 | |an-cn--- |
| 086 | 1 |aNE22-1/1997-10F-PDF |
| 110 | 1 |aCanada. |bOffice national de l'énergie. |
| 245 | 10|aMotifs de décision relativement à Westcoast Energy Inc. : |h[ressource électronique]|bdemande en date du 6 novembre 1996, dans sa version modifiée datée du 20 mai 1997, en vue de l'approbation des droits ou des méthodes de conception des droits qui s'appliqueront du 1er janvier 1997 au 31 décembre 2001. Première partie |
| 246 | 1 |iTitre de renvoi : |aWestcoast Energy Inc. |
| 260 | |aCalgary - Alberta : |bOffice national de l'énergie |cAoût 1997. |
| 300 | |a40p.|bcarte |
| 490 | 1 |aMotifs de décision|vRH-2-97, Première partie |
| 500 | |aLe nº de catalogue (NE22-1/1997-10F) et l'ISBN (0-662-82238-2) de l'édition imprimée ont été incorrectement copiés dans cette édition électronique. |
| 590 | |a12-09-Supp|b2012-03-21 |
| 775 | 08|tReasons for decision in the matter of Westcoast Energy Inc. : |w(CaOODSP)9.572509 |
| 776 | 0#|tRelativement à Westcoast Energy Inc. : |w(CaOODSP)9.624465 |
| 830 | #0|aMotifs de décision (Canada. Office national de l'énergie)|vRH-2-97, Première partie|w(CaOODSP)9.500899 |
| 856 | 40|ahttp://publications.gc.ca|qPDF|s165 Ko|uhttps://publications.gc.ca/collections/Collection/NE22-1-1997-10F.pdf|yRH-2-97, Première partie |